00606nam a2200169Ia 4500100002400000650001200024942000700036654000800043245007000051260003200121082002000153300000800173546001200181999001700193952011300210952011300323 aIndian law academy  aEnglish cBK aLaw aLatest law report for administration in universities and colleges bIndian Law academyaLucknow a344.5407bI.L.A a842 aENGLISH c22258d22258 001040708CRCaCRCEbCRCEd2023-03-17g631.00l0o344.5407 I.L.Ap2869r2023-03-17v631.00w2023-03-17yBK 001040708CRCaCRCEbCRCEd2023-03-17g636.00l0o344.5407 I.L.Ap2870r2023-03-17v636.00w2023-03-17yBK